00323nam a22000977a 4500082001200000100001900012245009100031260004100122650002700163700003500190 a200 THE aMuhammad Azeem aTH-SOF-1641-Graphene oxide based nanocomposite systems for Optical device applications aISLAMABADbNUST COLLEGE OF EMEc2019 aMS-ELECT-2015 MSTHESIS aSupervisor Dr. Saif Ullah Awan